<?xml version="1.0" encoding="UTF-8"?>
<record
    xmlns:xsi="http://www.w3.org/2001/XMLSchema-instance"
    xsi:schemaLocation="http://www.loc.gov/MARC21/slim http://www.loc.gov/standards/marcxml/schema/MARC21slim.xsd"
    xmlns="http://www.loc.gov/MARC21/slim">

  <leader>00808nam a2200217 a 4500</leader>
  <controlfield tag="001">648</controlfield>
  <controlfield tag="003">BR-CuiBMT</controlfield>
  <controlfield tag="005">20231212212526.0</controlfield>
  <controlfield tag="008">231111s2005    scba     d    000 0 por d</controlfield>
  <datafield tag="040" ind1=" " ind2=" ">
    <subfield code="a">BR-CuiBMT</subfield>
    <subfield code="c">BR-CuiBMT</subfield>
  </datafield>
  <datafield tag="080" ind1=" " ind2=" ">
    <subfield code="2">2007</subfield>
    <subfield code="a">351.94:336.48</subfield>
    <subfield code="x">(038)</subfield>
  </datafield>
  <datafield tag="090" ind1=" " ind2=" ">
    <subfield code="d">R</subfield>
    <subfield code="a">351.94:336.48(038)</subfield>
    <subfield code="b">I59g</subfield>
  </datafield>
  <datafield tag="110" ind1="2" ind2=" ">
    <subfield code="a">Instituto Rui Barbosa.</subfield>
  </datafield>
  <datafield tag="245" ind1="1" ind2="0">
    <subfield code="a">Gloss&#xE1;rio :</subfield>
    <subfield code="b">termos t&#xE9;cnicos mais comuns utilizados por tribunais de contas /</subfield>
    <subfield code="c">[Instituto Rui Barbosa].</subfield>
  </datafield>
  <datafield tag="260" ind1=" " ind2=" ">
    <subfield code="a">Florian&#xF3;polis :</subfield>
    <subfield code="b">TCE-SC,</subfield>
    <subfield code="c">2005.</subfield>
  </datafield>
  <datafield tag="300" ind1=" " ind2=" ">
    <subfield code="a">191 p. :</subfield>
    <subfield code="b">il. ;</subfield>
    <subfield code="c">21 cm</subfield>
  </datafield>
  <datafield tag="650" ind1=" " ind2=" ">
    <subfield code="a">Tribunais de contas</subfield>
    <subfield code="x">Terminologia</subfield>
    <subfield code="x">Vocabul&#xE1;rios, gloss&#xE1;rios etc.</subfield>
    <subfield code="z">Brasil</subfield>
  </datafield>
  <datafield tag="650" ind1=" " ind2=" ">
    <subfield code="a">Controle externo</subfield>
    <subfield code="x">Vocabul&#xE1;rios, gloss&#xE1;rios etc.</subfield>
    <subfield code="z">Brasil</subfield>
  </datafield>
  <datafield tag="650" ind1=" " ind2=" ">
    <subfield code="a">Relat&#xF3;rios de auditoria</subfield>
    <subfield code="x">Vocabul&#xE1;rios, gloss&#xE1;rios etc.</subfield>
  </datafield>
  <datafield tag="942" ind1=" " ind2=" ">
    <subfield code="2">udc</subfield>
    <subfield code="c">REF</subfield>
  </datafield>
  <datafield tag="952" ind1=" " ind2=" ">
    <subfield code="0">0</subfield>
    <subfield code="1">0</subfield>
    <subfield code="2">udc</subfield>
    <subfield code="4">0</subfield>
    <subfield code="7">0</subfield>
    <subfield code="a">BIBTCEMT</subfield>
    <subfield code="b">BIBTCEMT</subfield>
    <subfield code="d">2023-11-12</subfield>
    <subfield code="l">0</subfield>
    <subfield code="o">R 351.94:336.148(038) I59</subfield>
    <subfield code="p">BIBTCEMT23110470</subfield>
    <subfield code="r">2023-11-12</subfield>
    <subfield code="t">Ex. 1</subfield>
    <subfield code="w">2023-11-12</subfield>
    <subfield code="y">REF</subfield>
  </datafield>
  <datafield tag="952" ind1=" " ind2=" ">
    <subfield code="0">0</subfield>
    <subfield code="1">0</subfield>
    <subfield code="2">udc</subfield>
    <subfield code="4">0</subfield>
    <subfield code="7">0</subfield>
    <subfield code="a">BIBTCEMT</subfield>
    <subfield code="b">BIBTCEMT</subfield>
    <subfield code="d">2023-11-29</subfield>
    <subfield code="l">0</subfield>
    <subfield code="o">R 351.94:336.148(038) I59g</subfield>
    <subfield code="p">BIBTCEMT23111346</subfield>
    <subfield code="r">2023-11-29</subfield>
    <subfield code="t">Ex. 2</subfield>
    <subfield code="w">2023-11-29</subfield>
    <subfield code="y">REF</subfield>
  </datafield>
  <datafield tag="999" ind1=" " ind2=" ">
    <subfield code="c">648</subfield>
    <subfield code="d">648</subfield>
  </datafield>
</record>
